Libertad, dignidad y autoridad: conceptos centrales en la búsqueda de la felicidad

保存先:
書誌詳細
第一著者: Ríos Acevedo, Clara Inés (著者)
フォーマット: 図書
言語:スペイン語
出版事項: Medellín Universidad de Antioquia 2011
版:1a. ed
シリーズ:Filosofía
主題:
タグ: タグ追加
タグなし, このレコードへの初めてのタグを付けませんか!

MARC

LEADER 00000cam a2200000 a 4500
001 UCE3825
003 CL-VaPUC
008 140925e20111100ck |||||||||||||||||spa|d
020 |a 9789587144949 
082 0 4 |a 123.5  |b RIO  |2 21 
100 0 |a Ríos Acevedo, Clara Inés  |e author  |9 576345 
245 1 0 |a Libertad, dignidad y autoridad: conceptos centrales en la búsqueda de la felicidad 
250 |a 1a. ed 
300 |a 166 p 
942 |c BK 
945 |d 20140925 17:45:00  |a arojas 
260 |a Medellín  |b Universidad de Antioquia  |c 2011 
650 0 |a Libertad  |9 255686 
650 0 |a Dignidad humana   |9 394427 
650 0 |a Felicidad  |9 257029 
583 |a last modification  |c 20140925 17:45:00  |k Rodrigo Vera 
490 0 |a Filosofía 
999 |c 356964  |d 356962 
952 |0 0  |1 0  |3 erb  |4 0  |6 123_500000000000000_RIO_2011  |7 0  |8 A  |9 464758  |a BIBEDU  |b BIBEDU  |i 5115612  |o 123.5 RIO 2011  |p 5115612  |r 2019-11-23  |w 2019-11-23  |y BK  |z Catalogado en:20140925  |k FIL